Pena de muerte
Guardado en:
| Autor principal: | |
|---|---|
| Formato: | Libro |
| Lenguaje: | español |
| Publicado: |
Madrid
San Pablo
1994
|
| Colección: | Colección Teología Siglo XXI, 3
|
| Materias: | |
| Etiquetas: |
Agregar Etiqueta
Sin Etiquetas, Sea el primero en etiquetar este registro!
|
MARC
| LEADER | 00000nam a2200000 a 4500 | ||
|---|---|---|---|
| 001 | UCP0191 | ||
| 003 | CL-VaPUC | ||
| 008 | 990305e19940000SP |||||||||||||||||spa|d | ||
| 082 | 0 | 4 | |a 179.7 |b BLA |2 21 |
| 100 | |a Blázquez, Niceto |e author |9 295392 | ||
| 245 | 1 | 0 | |a Pena de muerte |
| 300 | |a 207 p | ||
| 942 | |c BK | ||
| 945 | |d 19990305 00:00:00 |a aarredon | ||
| 260 | |a Madrid |b San Pablo |c 1994 | ||
| 650 | 0 | |a Pena de muerte |9 256612 | |
| 650 | 0 | |a Iglesia Católica |9 256114 | |
| 650 | 0 | |a Derecho a la vida |9 337220 | |
| 650 | 0 | |a Derechos humanos |9 223025 | |
| 650 | 0 | |a Catecismo |9 333878 | |
| 650 | 0 | |a Herejías |9 356979 | |
| 650 | 7 | |a DERECHOS DEL HOMBRE |2 CL-VaPUC |9 391409 | |
| 650 | 0 | |a Iglesia protestante |9 389937 | |
| 583 | |a last modification |c 19990305 00:00:00 |k Rodrigo Vera | ||
| 490 | 0 | |a Colección Teología Siglo XXI, 3 | |
| 999 | |c 279032 |d 279030 | ||
| 952 | |0 0 |1 0 |4 0 |6 179_700000000000000_BLA_1994 |7 0 |8 A |9 317927 |a BIBTEO |b BIBTEO |d 2019-11-20 |i 2025671 |o 179.7 BLA 1994 |p 2025671 |r 2025-01-17 |w 2019-11-20 |y BK |k ICR | ||